Представление документа в формате RUSMARC

ПолеНазваниеЗначение
  Тип записи c
  Библиографический уровень m
001 Контрольный номер RU/IS/BASE/485348127
005 Дата корректировки 20251211113806.9
010 Индекс ISBN __
9 Тираж 50000 экз.
013 Номер (ISMN) __
d Цена 1 р. 40 к.
071 Издательские номер (звукозапись и ноты) 21
a Номер, присвоенный агентством 9758
100 Данные общей обработки __
a Данные общей обработки 20150519d1977 d y0rusy0189||||ca
101 Язык документа 0_
a Язык текста rus
f Язык титульного листа rus
102 Страна публикации __
a Страна публикации RU
105 Кодированные данные (монография) __
a Кодированные данные (монография) y###||||000|y
125 Кодированные данные звукозаписи и нотных изданий __
a Форма изложения нотного текста с|
128 Кодированные данные (звукозаписи-физические характеристики) __
a Кодированные данные: Музыкальная форма и тональность или лад chs
b Инструменты или голоса, необходимые для ансамблей (устаревшее) cd||
c Инструменты или голоса, рекомендуемые для солистов (устаревшее) ka||
200 Заглавие и сведения об ответственности 1_
a Заглавие Музыка в школе
e Сведения, относящиеся к заглавию 3 кл.
e Сведения, относящиеся к заглавию пособие для учителя
f Первые сведения об ответственности авт.-сост. Т. Бейдер, Л. Левандовская
g Последующие сведения об ответственности [предисл. изд.]
g Последующие сведения об ответственности обознач. для баяна М. Магиденко
210 Выходные данные 1_
a Место издания Москва
c Издательство Музыка
d Дата издания 1977
215 Физическое описание __
a Объем 122 с.
d Формат 29 см
327 Примечание о содержании 01
a Примечание о содержании Содерж. : Кабалевский Д. Наш край / сл. А. Пришельца ; Звездочка / сл. В. Викторова ; Пионерское звено / сл. О. Высотской ; Про Петю : пионер. частушки / сл. Н. Галь. - Попатенко Т. Октябренок - Ленина внук / сл. Ю. Ермолаева и В. Коркина ; Скворец на чужбине ; Возвращение скворца / сл. Г. Ладонщикова ; Знакомый дом / сл. В. Викторова. - Иорданский М. Песенка про чибиса / сл. А. Пришельца. - Чичков Ю. Осень / сл. И. Мазнина ; Нас принимают в пионеры / сл. Ю. Разумовского. - Левина З. Митя / сл. Э. Мошковской. - Шекерджиев М. Дровосек / сл. Д. Пантелеева. - Сеяли девушки яровой хмель ; Земелюшка-чернозем : рус. нар. песни / обраб. А. Лядова. - Здравствуй, гостья-зима : рус. нар. песня / обраб. Н. Римского-Корсакова ; сл. И. Никитина. - У меня ль во садочке : рус. нар. песня / обраб. Н. Римского-Корсакова. - Пойдуль я, выйду ль я ; Вдоль по улице молодчик идет ; Как пошли наши подружки ; У меня ль во садочке ; Как у наших у ворот ; Все мы песни перепели ; Посею лебеду на берегу : рус. нар. песни. - Комара женить мы будем : современная рус. нар. песня. - Три парня : швед. нар. песня. - Журавель ; Веснянка : укр. нар. песни. - Хор нашего Яна : эст. нар. песня. - Кадэ Руссель ; Кораблик и юнга : фр. нар. песни. - Моя мама : кубин. нар. песня. - Вот волынки заиграли : чеш. нар. песня. - Прогулка с отцом : индонез. нар. песня. - Кукушка : швейц. нар. песня. - Чайковский П. Осень / сл. А. Плещеева ; Старинная французская песенка / сл. Эм. Александровой. - Щелкунчик : отрывки из балета : Марш ; Танец пастушков ; Испанский танец ; Арабский танец ; Китайский танец ; Танец феи Драже ; Вальс цветов. - Гольденберг Н. Ёлочка / сл. З. Александровой. - Спадавеккиа А. Добрый жук : песенка-танец из кф. "Золушка" / сл. Е. Шварца. - Шереметьева Н. Про светофор / сл. Н. Демьянова. - Александров Ан. Уж ты, зимушка-зима / сл. народные. - Брамс И. Петрушка. - Магиденко М. У Кремлевской стены / сл. Р. Томилина. - Компанеец З. "Зарница" на марше / сл. М. Садовского. - Соловьев-Седой В. Стой, кто идет? / сл. С. Погореловского. - Матвеев М. Прививка / сл. С. Михалкова. - Бах И. С. За рекою старый дом / рус. текст Д. Тонского. - Дешкин С. Марш юных пионеров / сл. А. Жарова. - Покрасс Дм. Березка / сл. А. Пришельца. - Филиппенко А. Песня о великом Ленине / сл. Т. Волгиной. - Раухвергер М. В лодке / сл. О. Высотской. - Мурадели В. Дружно все живем / сл. М. Садовского. - Красев М. Летний вальс / сл. Н. Саконской. - Старокадомский М. Любитель-рыболов / сл. А. Барто. - Аренский А. Там вдали, за рекой / сл. А. Плещеева. - Милютин Ю. Гибель Чапаева / сл. З. Александровой. - Белый В. Орленок / сл. Я. Шведова. - Александров А. Священная война / сл. В. Лебедева-Кумача. - Кац С. Шумел сурово брянский лес / сл. А. Софронова. - Сен-Санс К. Карнавал животных : сюита : Королевский марш львов ; Куры и петухи ; Слон ; Кенгуру ; Ослы ; Лебедь. - Прокофьев С. Петя и Волк : симф. сказка для детей : отрывки : Петя ; Птичка ; Утка ; Кошка ; Дедушка ; Волк ; Охотники ; Заключительное действие. - Мусоргский М. Гопак из оперы "Сорочинская ярмарка" : отрывок. - Григ Э. Норвежский танец : отрывок. - Бетховен Л. Менуэт из Сонаты № 20 : отрывки. - Люлли Ж. Гавот : отрывок. - Прокофьев С. Гавот из Классической симфонии : отрывок. - Гуно Ш. Марш из оперы "Фауст" / облегч. ред. М. Мильмана. - Глинка М. Марш Черномора из оперы "Руслан и Людмила" / перелож. для фп. М. Балакирева.
464 Аналитический уровень _0
1 2001
a Наш край
e То березка, то рябина...
1 700 1
a Кабалевский
b Д.
1 702 1
a Пришелец
b А.
4 520
464 Аналитический уровень _0
1 2001
a Про Петю
e У реки у речки...
e пионер. частушки
1 700 1
a Кабалевский
b Д.
1 702 1
a Галь
b Н.
4 520
464 Аналитический уровень _0
1 2001
a Октябренок - Ленина внук
e Хочешь шагать по жизни...
1 700 1
a Попатенко
b Т.
1 702 1
a Ермолаев
b Ю.
4 520
1 702 1
a Коркин
b В.
4 520
464 Аналитический уровень _0
1 2001
a Песенка про чибиса
e У дороги чибис...
1 702 1
a Иорданский
b М.
1 702 1
a Пришелец
b А.
4 520
464 Аналитический уровень _0
1 2001
a Осень
e Наступила осень...
1 700 1
a Чичков
b Ю.
1 702 1
a Мазнин
b И.
4 520
464 Аналитический уровень _0
1 2001
a Митя
e Это кто там печально идет...
e 1700 1
a Левина
b З.
1 702 1
a Мошковская
b Э.
4 520
464 Аналитический уровень _0
1 2001
a Дровосек
e Мой топор, топор тяжелый...
1 700 1
a Шекерджиев
b М.
1 702 1
a Пантелеев
b Д.
4 520
1 702 1
a Некрасова
b Л.
4 730
464 Аналитический уровень _0
1 2001
a Сеяли девушки яровой хмель
e Сеяли девушки яровой хмель...
e рус. нар. песня
1 702 1
a Лядов
b А.
4 030
464 Аналитический уровень _0
1 2001
a Здравствуй, гостья-зима
e Здравствуй, гостья-зима!..
e рус. нар. песня
1 702 1
a Римский-Корсаков
1 702 1
a Никитин
b И.
4 520
464 Аналитический уровень _0
1 2001
a У меня ль во садочке
e У меня ль во садочке...
e рус. нар. песня
1 702 1
a Римский-Корсаков
b Н.
4 520
464 Аналитический уровень _0
1 2001
a Пойдуль я, выйду ль я
e Пойдуль я, выйду ль я...
e рус. нар. песня
464 Аналитический уровень _0
1 2001
a Комара женить мы будем
e Комара женить мы будем! Ох! Ох!..
e современная рус. нар. песня
464 Аналитический уровень _0
1 2001
a Три парня
e Три славных парня в город шли...
e швед. нар. песня
464 Аналитический уровень _0
1 2001
a Журавель
e Повадился журавель, журавель...
e укр. нар. песня
464 Аналитический уровень _0
1 2001
a Хор нашего Яна
e Бродит вьюга по полям...
e эст. нар. песня
464 Аналитический уровень _1
1 2001
a Кадэ Руссель
e Кадэ Руссель богато жил...
e фр. нар. песня
464 Аналитический уровень _0
1 2001
a Моя мама
e Только просыпаюсь, улыбаюсь я...
e кубин. нар. песня
464 Аналитический уровень _0
1 2001
a Вот волынки заиграли
e Вот волынки заиграли
e чеш. нар. песня
464 Аналитический уровень _0
1 2001
a Прогулка с отцом
e Бежит дорожка дальняя...
e индонез. нар. песня
464 Аналитический уровень _0
1 2001
a Кукушка
e Кукушкой одинокой
e швейц. нар. песня
464 Аналитический уровень _0
1 2001
a Осень
e Скучная картина!..
1 700 1
a Чайковский
b П.
1 702 1
a Плещеев
b А.
4 520
464 Аналитический уровень _0
1 2001
a Марш
e отрывок из балета
1 700 1
a Чайковский
b П.
1 50010
a Щелкунчик
464 Аналитический уровень _0
1 2001
a Петрушка
e Дили, дили, динь! Пришел Петрушка...
1 700 1
a Брамс
b И.
464 Аналитический уровень _0
1 2001
a У Кремлевской стены
e У Кремлевской стены...
1 700 1
a Магиденко
b М.
1 702 1
a Томилин
b Р.
4 520
464 Аналитический уровень _0
1 2001
a "Зарница" на марше
e Сбор заиграли трубы "Зарницы"...
1 700 1
a Компанеец
b З.
1 702 1
a Садовский
b М.
4 520
464 Аналитический уровень _0
1 2001
a Стой, кто идет?
e Кусты - это роща...
1 700 1
a Соловьев-Седой
b В.
1 702 1
a Погореловский
b С.
4 520
464 Аналитический уровень _0
1 2001
a Прививка
e На прививку! Третий класс...
1 700 1
a Матвеев
b М.
1 702 1
a Михалков
b С.
4 520
464 Аналитический уровень _0
1 2001
a За рекою старый дом
e За рекою старый дом...
1 700 1
a Бах
b И. С.
1 702 1
a Тонский
b Д.
4 730
464 Аналитический уровень _0
1 2001
a Марш юных пионеров
e Взвейтесь кострами...
1 700 1
a Дешкин
b С.
1 702 1
a Жаров
b А.
4 520
464 Аналитический уровень _0
1 2001
a Березка
a На родной приволжской стороне...
1 700 1
a Покрасс
b Дм.
1 702 1
a Пришелец
b А.
4 520
464 Аналитический уровень _0
1 2001
a Песня о великом Ленине
e Светит солнце ясное...
1 700 1
a Филиппенко
b А.
1 702 1
a Волгина
b Т.
4 520
464 Аналитический уровень _0
1 2001
a В лодке
e Золотым весенним днем...
1 700 1
a Раухвергер
b М.
1 702 1
a Высотская
b О.
4 520
464 Аналитический уровень _0
1 2001
a Дружно все живем
e По тропинке незнакомой
1 700 1
a Мурадели
b В.
1 702 1
a Садовский
b М.
4 520
464 Аналитический уровень _0
1 2001
a Летний вальс
e В лесу на опушке...
1 700 1
a Красев
b М.
1 702 1
a Саконская
b Н.
4 520
464 Аналитический уровень _0
1 2001
a Любитель-рыболов
e С утра сидит на озере...
1 700 1
a Старокадомский
b М.
1 702 1
a Барто
b А.
4 520
464 Аналитический уровень _0
1 2001
a Там вдали, за рекой
e Там вдали, за рекой раздается порой...
1 700 1
a Аренский
b А.
1 702 1
a Плещеев
b А.
4 520
464 Аналитический уровень _0
1 2001
a Гибель Чапаева
e В уральских степях непогода и мрак...
1 700 1
a Милютин
b Ю.
1 702 1
a Александрова
b З.
4 520
464 Аналитический уровень _0
1 2001
a Орленок
e Орленок, орленок, взлети выше солнца...
1 700 1
a Белый
b В.
1 702 1
a Шведов
b Я.
4 520
464 Аналитический уровень _0
1 2001
a Священная война
e Вставай, страна огромная...
1 700 1
a Александров
b А.
1 702 1
a Лебедев-Кумач
b В.
4 520
464 Аналитический уровень _0
1 2001
a Шумел сурово брянский лес
e Шумел сурово брянский лес...
1 700 1
a Кац
b С.
1 702 1
a Софронов
b А.
4 520
464 Аналитический уровень _0
1 2001
a Королевский марш львов
e отрывок из сюиты "Карнавал животных"
1 700 1
a Сен-Санс
b К.
1 702 1
a Назарова
b Т.
4 030
1 50010
a Карнавал животных
464 Аналитический уровень _0
1 2001
a Петя и Волк
e отрывки из симф. сказки для детей
1 700 1
a Прокофьев
b С.
464 Аналитический уровень _0
1 2001
a Гопак из оперы "Сорочинская ярмарка"
e отрывок
1 700 1
a Мусоргский
b М.
1 50010
a Сорочинская ярмарка
464 Аналитический уровень _0
1 2001
a Норвежский танец
e отрывок
1 700 1
a Григ
b Э.
464 Аналитический уровень _0
1 2001
a Менуэт из Сонаты № 20
e отрывки
1 700 1
a Бетховен
b Л.
1 50010
a Соната № 20
464 Аналитический уровень _0
1 2001
a Гавот
e отрывок
1 700 1
a Люлли
b Ж.
464 Аналитический уровень _0
1 2001
a Гавот из Классической симфонии
e отрывок
1 700 1
a Прокофьев
b С.
1 50010
a Классическая симфония
464 Аналитический уровень _0
1 2001
a Марш из оперы "Фауст"
1 700 1
a Гуно
b Ш.
1 702 1
a Мильман
b М.
4 030
1 50010
a Фауст
464 Аналитический уровень _0
1 2001
a Марш Черномора из оперы "Руслан и Людмила"
1 700 1
a Глинка
b М.
1 702 1
a Балакирева
b М.
4 030
1 50010
a Руслан и Людмила
464 Аналитический уровень _0
1 2001
a Звездочка
e Нам славно живется в семье октябрят...
1 700 1
a Кабалевский
b Д.
1 702 1
a Викторов
b В.
4 520
464 Аналитический уровень _0
1 2001
a Пионерское звено
e Есть песенка любимая у нашего звена...
1 700 1
a Кабалевский
b Д.
1 702 1
a Высотская
b О.
4 520
464 Аналитический уровень _0
1 2001
a Скворец на чужбине
e Улетел скворец от стужи...
1 700 1
a Попатенко
b Т.
1 702 1
a Ладонщиков
b Г.
464 Аналитический уровень _0
1 2001
a Возвращение скворца
e Еще капели не отпели...
1 700 1
a Попатенко
b Т.
1 702 1
a Ладонщиков
b Г.
464 Аналитический уровень _0
1 2001
a Знакомый дом
e Мы приходим в этот дом...
1 700 1
a Попатенко
b Т.
1 702 1
a Викторов
b В.
464 Аналитический уровень _0
1 2001
a Нас принимают в пионеры
e Дробью барабана, звонким горном...
1 700 1
a Чичков
b Ю.
1 702 1
a Разумовский
b Ю.
4 520
464 Аналитический уровень _0
1 2001
a Земелюшка-чернозем
e Земелюшка-чернозем...
e рус. нар. песня
1 702 1
a Лядов
b А.
4 030
464 Аналитический уровень _0
1 2001
a Вдоль по улице молодчик идет
e Вдоль по улице молодчик идет...
e рус. нар. песня
464 Аналитический уровень _0
1 2001
a Как пошли наши подружки
e Как пошли наши подружки...
e рус. нар. песня
464 Аналитический уровень _0
1 2001
a У меня ль во садочке
e У меня ль во садочке...
e рус. нар. песня
464 Аналитический уровень _0
1 2001
a Как у наших у ворот
e Как у наших у ворот...
e рус. нар. песня
464 Аналитический уровень _0
1 2001
a Все мы песни перепели
e Все мы песни перепели...
e рус. нар. песня
464 Аналитический уровень _0
1 2001
a Посею лебеду на берегу
e Посею лебеду на берегу...
e рус. нар. песня
464 Аналитический уровень _0
1 2001
a Веснянка
e Ой, бежит ручьем вода...
e укр. нар. песня
464 Аналитический уровень _0
1 2001
a Кораблик и юнга
e Жил-был кораблик,ах, кораблик...
e фр. нар. песня
464 Аналитический уровень _0
1 2001
a Старинная французская песенка
e Под вечер над рекой...
1 700 1
a Чайковский
b П.
1 702 1
a Александрова
b Эм.
4 520
464 Аналитический уровень _0
1 2001
a Танец пастушков
e отрывок из балета
1 700 1
a Чайковский
b П.
1 50010
a Щелкунчик
464 Аналитический уровень _0
1 2001
a Испанский танец
e отрывок из балета
1 700 1
a Чайковский
b П.
1 50010
a Щелкунчик
464 Аналитический уровень _0
1 2001
a Арабский танец
e отрывок из балета
1 700 1
a Чайковский
b П.
1 50010
a Щелкунчик
464 Аналитический уровень _0
1 2001
a Китайский танец
e отрывок из балета
1 700 1
a Чайковский
b П.
1 50010
a Щелкунчик
464 Аналитический уровень _0
1 2001
a Танец феи Драже
e отрывок из балета
1 700 1
a Чайковский
b П.
1 50010
a Щелкунчик
464 Аналитический уровень _0
1 2001
a Вальс цветов
e отрывок из балета
1 700 1
a Чайковский
b П.
1 50010
a Щелкунчик
464 Аналитический уровень _0
1 2001
a Ёлочка
e Ёлочку Дед Мороз...
1 700 1
a Гольденберг
b Н.
1 702 1
a Александрова
b З.
4 520
464 Аналитический уровень _0
1 2001
a Добрый жук
e Встаньте, дети, встаньте в круг...
e песенка-танец из кф. "Золушка"
1 700 1
a Спадавеккиа
b А.
1 702 1
a Шварц
b Е.
4 520
1 50010
a Золушка
464 Аналитический уровень _0
1 2001
a Про светофор
e Где ты был до сих пор?..
1 700 1
a Шереметьева
b Н.
1 702 1
a Демьянов
b Н.
4 520
464 Аналитический уровень _0
1 2001
a Уж ты, зимушка-зима
e Уж ты, зимушка-зима...
1 700 1
a Александров
b Ан.
1 702 1
a Слова народные
464 Аналитический уровень _0
1 2001
a Куры и петухи
e отрывок из сюиты "Карнавал животных"
1 700 1
a Сен-Санс
b К.
1 702 1
a Назарова
b Т.
4 030
1 50010
a Карнавал животных
464 Аналитический уровень _0
1 2001
a Слон
e отрывок из сюиты "Карнавал животных"
1 700 1
a Сен-Санс
b К.
1 702 1
a Назарова
b Т.
4 030
1 50010
a Карнавал животных
464 Аналитический уровень _0
1 2001
a Кенгуру
e отрывок из сюиты "Карнавал животных"
1 700 1
a Сен-Санс
b К.
1 702 1
a Назарова
b Т.
4 030
1 50010
a Карнавал животных
464 Аналитический уровень _0
1 2001
a Ослы
e отрывок из сюиты "Карнавал животных"
1 700 1
a Сен-Санс
b К.
1 702 1
a Назарова
b Т.
4 030
1 50010
a Карнавал животных
464 Аналитический уровень _0
1 2001
a Лебедь
e отрывок из сюиты "Карнавал животных"
1 700 1
a Сен-Санс
b К.
1 702 1
a Назарова
b Т.
4 030
1 50010
a Карнавал животных
464 Аналитический уровень _0
1 2001
a Петя
e отрывок из симф. сказки для детей
1 700 1
a Прокофьев
b С.
1 50010
a Петя и Волк
464 Аналитический уровень _0
1 2001
a Птичка
e отрывок из симф. сказки для детей
1 700 1
a Прокофьев
b С.
1 50010
a Петя и Волк
464 Аналитический уровень _0
1 2001
a Утка
e отрывок из симф. сказки для детей
1 700 1
a Прокофьев
b С.
1 50010
a Петя и Волк
464 Аналитический уровень _0
1 2001
a Кошка
e отрывок из симф. сказки для детей
1 700 1
a Прокофьев
b С.
1 50010
a Петя и Волк
464 Аналитический уровень _0
1 2001
a Дедушка
e отрывок из симф. сказки для детей
1 700 1
a Прокофьев
b С.
1 50010
a Петя и Волк
464 Аналитический уровень _0
1 2001
a Волк
e отрывок из симф. сказки для детей
1 700 1
a Прокофьев
b С.
1 50010
a Петя и Волк
464 Аналитический уровень _0
1 2001
a Охотники
e отрывок из симф. сказки для детей
1 700 1
a Прокофьев
b С.
1 50010
a Петя и Волк
464 Аналитический уровень _0
1 2001
a Заключительное действие
e отрывок из симф. сказки для детей
1 700 1
a Прокофьев
b С.
1 50010
a Петя и Волк
512 Заглавие обложки 1_
a Заглавие обложки Музыка в школе
606 Тематические рубрики 0_
a Основная рубрика Учебно-педагогическая литература
x Основная подрубрика Средний школьный возраст
610 Ключевые слова 0_
a Ключевые слова учебные пособия
610 Ключевые слова 0_
a Ключевые слова средний школьный возраст
686 Индексы других классификаций __
a Классификационный индекс 85.98(2)я71
2 Код системы rubbk
700 Автор _1
a Фамилия Бейдер
b Имя (инициалы) Т. А.
g Полное личное имя Тамара Александровна
701 Альтернативная интеллектуальная ответственность _1
a Фамилия Левандовская
b Имя (инициалы) Л. Я.
702 Вторичная интеллектуальная ответственность _1
a Фамилия Магиденко
b Имя (инициалы) М.
4 Код отношения 030
801 Источник записи _0
a Страна RU
b Организация Ульяновская ОНБ
c Дата составления 20150519
g Правила каталогизации RCR
801 Источник записи _1
a Страна RU
b Организация Ульяновская ОНБ
c Дата составления 20150519
g Правила каталогизации RCR
901 Тип документа __
t Тип документа m
909 Создатель записи __
a Создатель записи Никитина Т. А.
910 Корректоры записи __
a Корректор записи Васина
938 Служебная информация __
a Имя БД noti
b Имя библиотеки УОНБ
c Имя АИБС МАРК-SQL
d Номер DOC_ID в БД 13260